00453 2200157 4500001002100000008004100021035002000062245010500082100002000187250000600207260003400213084001400247082000800261650001400269990001200283INLIS000000000001184 ind  a0010-0524000419 aEvaluasi Program dan Instrumen Evaluasi Untuk Program Pendidikan dan PenelitiancDr. Farida Yusuf T. aYusuf T, Farida a1 aJakarta :bRineka Ciptac2008 a370 FAR e a370 aNon Fiksi a0713595